[Event "37th IND-ch (w)"]
[Site "Bhubaneswar IND"]
[Date "2010.12.29"]
[Round "5"]
[White "Amrutha, Mokal"]
[Black "Akshaya, A."]
[Result "1/2-1/2"]
[WhiteElo "2089"]
[BlackElo "2022"]
[PlyCount "61"]
[EventDate "2010.12.25"]

1. e4 e5 2. Nf3 Nc6 3. d4 exd4 4. Nxd4 Nf6 5. Nxc6 bxc6 6. e5 Qe7 7. Qe2 Nd5 8.
c4 Ba6 9. b3 g6 10. f4 Bg7 11. Qf2 Nb6 12. Ba3 c5 13. Nc3 d6 14. Be2 O-O 15.
O-O f6 16. exd6 cxd6 17. f5 Qe5 18. Nb5 Bh6 19. Kh1 Bxb5 20. cxb5 Be3 21. Qf3
d5 22. Bd3 Kg7 23. Rfe1 d4 24. Rac1 Rac8 25. Rc2 Qd6 26. Be4 Rfe8 27. Rce2 Re5
28. Bc1 Bxc1 29. Rxc1 Rce8 30. fxg6 hxg6 31. Rce1 1/2-1/2

[Event "37th IND-ch (w)"]
[Site "Bhubaneswar IND"]
[Date "2010.12.29"]
[Round "5"]
[White "Nivedhitha, J. G."]
[Black "Rathore, Sonakshi"]
[Result "0-1"]
[WhiteElo "1819"]
[BlackElo "1971"]
[PlyCount "80"]
[EventDate "2010.12.25"]

1. e4 d5 2. exd5 Qxd5 3. Nc3 Qa5 4. d4 Nf6 5. Nf3 c6 6. Bc4 Bf5 7. Bd2 e6 8.
Qe2 Bb4 9. O-O-O Nbd7 10. a3 Bxc3 11. Bxc3 Qc7 12. Ne5 Nb6 13. Bb3 O-O-O 14. g4
Be4 15. g5 Bxh1 16. Nxf7 Bd5 17. Nxd8 Qxd8 18. gxf6 gxf6 19. Bxd5 Qxd5 20. Re1
Re8 21. Qg4 Qa2 22. Qh5 Re7 23. Qc5 Nc4 24. b3 Nxa3 25. Bb4 b6 26. Qxc6+ Rc7
27. Qxe6+ Kb7 28. Qe4+ Ka6 29. Bxa3 Qa1+ 30. Kd2 Qxa3 31. Qd3+ Kb7 32. Qf3+ Ka6
33. Qxf6 Qa5+ 34. Kd1 Qa1+ 35. Kd2 Qc3+ 36. Ke2 Rc8 37. Rc1 Re8+ 38. Kf1 Qh3+
39. Kg1 Rg8+ 40. Kh1 Qg2# 0-1

[Event "37th IND-ch (w)"]
[Site "Bhubaneswar IND"]
[Date "2010.12.30"]
[Round "6"]
[White "Padmini, Rout"]
[Black "Gomes, Mary Ann"]
[Result "1/2-1/2"]
[WhiteElo "2352"]
[BlackElo "2306"]
[PlyCount "74"]
[EventDate "2010.12.25"]

1. e4 e6 2. d4 d5 3. Nc3 Nf6 4. Bg5 dxe4 5. Nxe4 Be7 6. Bxf6 gxf6 7. Nf3 f5 8.
Nc3 a6 9. g3 b5 10. Bg2 Bb7 11. O-O O-O 12. Ne1 Bxg2 13. Nxg2 b4 14. Qf3 Ra7
15. Ne2 c5 16. dxc5 Bxc5 17. Nef4 Qf6 18. Rab1 Nd7 19. Nh5 Qh6 20. Rfe1 Nf6 21.
Nxf6+ Qxf6 22. Nf4 Rd8 23. Nh5 Qg5 24. Red1 Rad7 25. Rxd7 Rxd7 26. Rd1 Rxd1+
27. Qxd1 Bb6 28. c3 bxc3 29. bxc3 e5 30. h4 Qg6 31. Kh2 h6 32. c4 Bxf2 33. Qd8+
Kh7 34. Nf6+ Kg7 35. Ne8+ Kh7 36. Nf6+ Kg7 37. Ne8+ Kh7 1/2-1/2

[Event "37th IND-ch (w)"]
[Site "Bhubaneswar IND"]
[Date "2010.12.30"]
[Round "6"]
[White "Mohota, Nisha"]
[Black "Soumya, Swaminathan"]
[Result "0-1"]
[WhiteElo "2325"]
[BlackElo "2332"]
[PlyCount "74"]
[EventDate "2010.12.25"]

1. d4 d5 2. c4 c6 3. Nf3 Nf6 4. Qb3 dxc4 5. Qxc4 Bg4 6. Nc3 Nbd7 7. e4 Bxf3 8.
gxf3 e5 9. Be3 exd4 10. Bxd4 Bd6 11. O-O-O Qc7 12. Ne2 O-O 13. Qc2 Rfd8 14. Bh3
Nh5 15. Rhg1 Be5 16. Rg5 Nf4 17. Bxe5 Nxe2+ 18. Qxe2 Nxe5 19. Rgg1 Ng6 20. Bf5
Qxh2 21. Bxg6 hxg6 22. Qe3 Qe5 23. Rxd8+ Rxd8 24. Qxa7 c5 25. Qa3 Qh2 26. Re1
Qxf2 27. Qe3 Qh4 28. Kc2 Rd4 29. e5 Qh2+ 30. Re2 Qh1 31. e6 fxe6 32. Qxe6+ Kh7
33. Qe3 Rc4+ 34. Kd3 b5 35. Re1 Qh3 36. Qf2 Qd7+ 37. Ke3 Qd4+ 0-1

[Event "37th IND-ch (w)"]
[Site "Bhubaneswar IND"]
[Date "2010.12.30"]
[Round "6"]
[White "Swathi, Ghate"]
[Black "Saranya, J."]
[Result "1-0"]
[WhiteElo "2302"]
[BlackElo "2123"]
[PlyCount "88"]
[EventDate "2010.12.25"]

1. e4 c5 2. Nf3 d6 3. d4 cxd4 4. Nxd4 Nf6 5. Nc3 a6 6. Be3 e5 7. Nf3 Qc7 8. a4
Be7 9. Be2 Be6 10. O-O O-O 11. Ng5 Nbd7 12. Nxe6 fxe6 13. Qb1 Rfd8 14. Qa2 Nf8
15. Bc4 Qd7 16. Rad1 b5 17. Be2 b4 18. Nb1 Qc6 19. Nd2 d5 20. Bg5 Kh8 21. Bd3
dxe4 22. Nxe4 Ng6 23. Rde1 Rd4 24. Ng3 Nh4 25. Bxh4 Rxh4 26. Rxe5 Ng4 27. Rxe6
Qc7 28. Qd5 Rf8 29. Re4 g6 30. Qe6 Nxh2 31. Qxe7 Qxe7 32. Rxe7 Nxf1 33. Kxf1 a5
34. b3 Rhf4 35. f3 R4f7 36. Re5 Ra7 37. Ne4 Kg7 38. Nd2 Kf6 39. Nc4 Rfa8 40.
Be4 Rd8 41. Rxa5 Rad7 42. Rb5 Rd1+ 43. Kf2 g5 44. Bxh7 Kg7 1-0

[Event "37th IND-ch (w)"]
[Site "Bhubaneswar IND"]
[Date "2010.12.30"]
[Round "6"]
[White "Pratyusha, Bodda"]
[Black "Pujari, Rucha"]
[Result "1-0"]
[WhiteElo "2086"]
[BlackElo "2114"]
[PlyCount "101"]
[EventDate "2010.12.25"]

1. e4 d6 2. d4 Nf6 3. Nc3 g6 4. f4 Bg7 5. Nf3 O-O 6. Bd3 c5 7. dxc5 dxc5 8. e5
Nd5 9. Nxd5 Qxd5 10. Qe2 Qc6 11. O-O e6 12. Ng5 Na6 13. Qg4 c4 14. Be4 Qb6+ 15.
Kh1 Bd7 16. Qh3 h6 17. Be3 Qc7 18. Nf3 Nb4 19. Rad1 Rfd8 20. Qh4 Bc6 21. Bxc6
bxc6 22. f5 exf5 23. Bxh6 Nd5 24. Bg5 Re8 25. Rfe1 c3 26. b3 Rab8 27. a3 Rbc8
28. Re2 f6 29. Bc1 fxe5 30. Qg3 Qd6 31. Ng5 Bh8 32. Rf2 Qf6 33. Rdf1 Qg7 34. h4
Rcd8 35. Nh3 Nf6 36. Qxc3 Ne4 37. Qc4+ Rd5 38. Rf3 Qd7 39. Kh2 Nd6 40. Qe2 Rd4
41. Rg3 Rxh4 42. Rxg6+ Kf7 43. Rh6 Rxh6 44. Bxh6 Kg6 45. Bc1 Ne4 46. g4 Qd5 47.
gxf5+ Kf6 48. c4 Qd4 49. Be3 Qc3 50. Rf3 Kf7 51. Bf2 1-0

[Event "37th IND-ch (w)"]
[Site "Bhubaneswar IND"]
[Date "2010.12.30"]
[Round "6"]
[White "Harini, Sankaran"]
[Black "Swati, Mohota"]
[Result "0-1"]
[WhiteElo "2063"]
[BlackElo "2090"]
[PlyCount "206"]
[EventDate "2010.12.25"]

1. e4 c6 2. d4 d5 3. exd5 cxd5 4. c4 dxc4 5. Bxc4 Qc7 6. Qb3 e6 7. Nf3 Nc6 8.
O-O Nf6 9. a3 Be7 10. Qd3 O-O 11. Nc3 a6 12. Bg5 Rd8 13. Rad1 Ng4 14. Bxe7 Rxd4
15. Qxd4 Nxd4 16. Rxd4 Qxe7 17. Rxg4 b5 18. Bd3 Bb7 19. Be4 Rd8 20. Bxb7 Qxb7
21. Rb4 h6 22. h3 f6 23. Rd4 Rxd4 24. Nxd4 e5 25. Nf5 b4 26. axb4 Qxb4 27. Rb1
Kh7 28. Ne3 h5 29. Ned5 Qb3 30. Ra1 Qxb2 31. Rxa6 Qc1+ 32. Kh2 Qf1 33. Ra2 Kh6
34. Re2 Qc1 35. h4 Kh7 36. g3 Qa1 37. Kg2 Qa8 38. Kh2 Qc6 39. Re4 Qc5 40. Kg2
Qc6 41. f3 Qb7 42. Re2 Qb3 43. Kh3 Qc4 44. Kg2 Qd3 45. Re3 Qd2+ 46. Kf1 Qh2 47.
Ne2 Qh3+ 48. Ke1 Qh1+ 49. Kd2 Qb1 50. Ndc3 Qb2+ 51. Kd3 Qb6 52. f4 Qa6+ 53. Kc2
exf4 54. Nxf4 Qf1 55. Rd3 Qf2+ 56. Kb3 Qb6+ 57. Kc2 Qf2+ 58. Kd1 Qg1+ 59. Kd2
Qf2+ 60. Nce2 Qc5 61. Nd4 Qa5+ 62. Ke2 g5 63. hxg5 Qxg5 64. Nde6 Qe5+ 65. Kf2
Qb2+ 66. Kg1 Qb1+ 67. Kh2 Qb2+ 68. Kh3 Qb7 69. Rd7+ Qxd7 70. Kh4 Kh6 71. g4 Qd2
72. gxh5 Qh2+ 73. Kg4 Qc2 74. Nd4 Qd1+ 75. Nde2 Qb1 76. Ng3 Qg1 77. Kh4 Qc5 78.
Kg4 Qg5+ 79. Kf3 f5 80. Nge2 Qg4+ 81. Ke3 Kg5 82. Kf2 Kh6 83. Ke3 Qg7 84. Kf3
Qb7+ 85. Kg3 Qb3+ 86. Kf2 Qc2 87. Kg3 Qe4 88. Kf2 Qh1 89. Kg3 Qe1+ 90. Kg2 Kg5
91. Kf3 Qb4 92. Kg3 Qe4 93. Kh3 Qf3+ 94. Kh2 Kg4 95. Kg1 Qe3+ 96. Kg2 Qb6 97.
Kh2 Kf3 98. Kh3 Qh6 99. Kh4 Qf6+ 100. Kh3 Qg5 101. Kh2 Qg4 102. h6 Qh4+ 103.
Kg1 Qxh6 0-1

[Event "37th IND-ch (w)"]
[Site "Bhubaneswar IND"]
[Date "2010.12.30"]
[Round "6"]
[White "Bharathi, Ramaraj"]
[Black "Kiran, Manisha Mohanty"]
[Result "0-1"]
[WhiteElo "2111"]
[BlackElo "2230"]
[PlyCount "148"]
[EventDate "2010.12.25"]

1. e4 c5 2. Nf3 d6 3. d4 cxd4 4. Nxd4 Nf6 5. Nc3 a6 6. f4 Nbd7 7. a4 g6 8. Bd3
Bg7 9. Nf3 O-O 10. O-O Nc5 11. Qe1 Rb8 12. Kh1 b5 13. axb5 axb5 14. e5 Nxd3 15.
cxd3 dxe5 16. fxe5 Nd5 17. Ne4 f5 18. exf6 exf6 19. Qh4 f5 20. Qxd8 Rxd8 21.
Nf2 Bb7 22. Ra5 Bc6 23. Bg5 Re8 24. d4 Ne3 25. Bxe3 Rxe3 26. Ne5 Bxe5 27. dxe5
Rxe5 28. Ra6 Bd5 29. Nd3 Re3 30. Nf4 Bc4 31. Rd1 Rbe8 32. Raa1 Kg7 33. g3 g5
34. Rd7+ R8e7 35. Nd5 Rxd7 36. Nxe3 Bd3 37. Kg1 f4 38. gxf4 gxf4 39. Ng2 f3 40.
Nh4 Be4 41. Re1 Bb7 42. Re3 Rd1+ 43. Kf2 Rd2+ 44. Kf1 Bd5 45. Nxf3 Rxb2 46. h3
Rb3 47. Rxb3 Bxb3 48. Kf2 Bd5 49. Ne1 Be4 50. Ke3 Bf5 51. h4 Kg6 52. Kd4 Kh5
53. Nf3 Bg4 54. Ng5 h6 55. Nf7 Be6 56. Nd6 b4 57. Ne8 Kxh4 58. Ng7 Bf7 59. Nf5+
Kg5 60. Nd6 Bg8 61. Ne4+ Kg6 62. Nc5 h5 63. Ke4 b3 64. Nd3 Kg5 65. Kf3 Bd5+ 66.
Kg3 h4+ 67. Kh3 Be6+ 68. Kg2 Kg4 69. Kh2 Kf3 70. Nb2 Ke3 71. Kg2 Kd2 72. Na4
Kc2 73. Kf2 Bd7 74. Nb6 Bb5 0-1

[Event "37th IND-ch (w)"]
[Site "Bhubaneswar IND"]
[Date "2010.12.30"]
[Round "6"]
[White "Tania, Sachdev"]
[Black "Karavade, Eesha"]
[Result "1/2-1/2"]
[WhiteElo "2385"]
[BlackElo "2369"]
[PlyCount "82"]
[EventDate "2010.12.25"]

1. d4 d5 2. c4 c6 3. Nf3 Nf6 4. Nc3 dxc4 5. a4 Bf5 6. e3 e6 7. Bxc4 Bb4 8. O-O
Nbd7 9. Qe2 Bg6 10. Ne5 Nxe5 11. dxe5 Nd7 12. f4 O-O 13. e4 Qe7 14. Kh1 Qh4 15.
Be3 Bh5 16. Qc2 Bc5 17. Bxc5 Nxc5 18. g3 Qe7 19. Qg2 f6 20. exf6 Qxf6 21. e5
Qe7 22. f5 Kh8 23. fxe6 Bg4 24. Rf7 Rxf7 25. exf7 Be6 26. Bxe6 Nxe6 27. Rf1 Rf8
28. Qf2 Nd8 29. Qxa7 Nxf7 30. Kg2 Re8 31. a5 h6 32. a6 Nd8 33. e6 Kh7 34. Rd1
Nxe6 35. axb7 Qb4 36. Re1 Qxb2+ 37. Qf2 Qxf2+ 38. Kxf2 Rf8+ 39. Kg2 Nc5 40. Rb1
Rb8 41. Rb6 Rxb7 1/2-1/2

[Event "37th IND-ch (w)"]
[Site "Bhubaneswar IND"]
[Date "2010.12.30"]
[Round "6"]
[White "Sithalatchumi, A."]
[Black "Preethi, Rajkumar"]
[Result "1-0"]
[WhiteElo "1917"]
[BlackElo "2073"]
[PlyCount "115"]
[EventDate "2010.12.25"]

1. d4 Nf6 2. Nf3 b6 3. Bg5 Ne4 4. Bf4 Bb7 5. Nbd2 Nxd2 6. Qxd2 e6 7. e3 Be7 8.
Bd3 g5 9. Bg3 f5 10. O-O-O d6 11. Qe2 Rf8 12. h3 Nd7 13. e4 f4 14. Bh2 Rf7 15.
Bc4 Nf8 16. g3 fxg3 17. Bxg3 Qd7 18. d5 exd5 19. exd5 O-O-O 20. Nd4 Bf6 21. Ne6
Re7 22. Bb5 c6 23. Nxf8 Rxf8 24. Qc4 Re4 25. dxc6 Bxb2+ 26. Kb1 Rxc4 27. cxd7+
Kd8 28. Bxc4 Bxh1 29. Rxh1 Be5 30. Bxe5 dxe5 31. Re1 Kxd7 32. Rxe5 h6 33. Re2
Rf4 34. Be6+ Kc6 35. Bg4 Kd5 36. Kb2 a5 37. a3 b5 38. Rd2+ Kc5 39. f3 b4 40. a4
Rf8 41. Rd7 Rb8 42. Ra7 Kd4 43. Rxa5 Ke3 44. Rb5 Rh8 45. Rxb4 h5 46. Be6 Kxf3
47. a5 Kg3 48. Bd5 Rd8 49. Bb7 Kxh3 50. a6 g4 51. a7 g3 52. Bf3 Rf8 53. Bh1 h4
54. Rb8 Rxb8+ 55. axb8=Q Kh2 56. Be4 h3 57. c4 Kg1 58. Qxg3+ 1-0

[Event "37th IND-ch (w)"]
[Site "Bhubaneswar IND"]
[Date "2010.12.30"]
[Round "6"]
[White "Amrutha, Mokal"]
[Black "Arunima, Kalra"]
[Result "1/2-1/2"]
[WhiteElo "2089"]
[BlackElo "1866"]
[PlyCount "51"]
[EventDate "2010.12.25"]

1. e4 c5 2. Nf3 Nc6 3. d4 cxd4 4. Nxd4 g6 5. Nc3 Bg7 6. Be3 Nf6 7. Bc4 Qa5 8.
f3 Qb4 9. Ndb5 Qxc4 10. Nc7+ Kd8 11. Nxa8 d6 12. Qd3 Qxd3 13. cxd3 Nd7 14. Nb5
b6 15. Nxa7 Nxa7 16. Nxb6 Nc6 17. Nxc8 Kxc8 18. O-O-O Bd4 19. Kd2 Bxb2 20. Rb1
Ba3 21. d4 e5 22. d5 Na5 23. Ke2 Nc5 24. Rb6 Kc7 25. Rhb1 Ra8 26. R1b5 1/2-1/2

[Event "37th IND-ch (w)"]
[Site "Bhubaneswar IND"]
[Date "2010.12.30"]
[Round "6"]
[White "Aparajita, Gochhikar"]
[Black "Nivedhitha, J. G."]
[Result "1-0"]
[WhiteElo "1871"]
[BlackElo "1819"]
[PlyCount "51"]
[EventDate "2010.12.25"]

1. e4 c5 2. c3 Nf6 3. e5 Nd5 4. d4 cxd4 5. cxd4 Qa5+ 6. Nd2 Nc6 7. Ngf3 e6 8.
a3 d6 9. g3 dxe5 10. dxe5 Nde7 11. b4 Nxb4 12. Nc4 Nc2+ 13. Ke2 Qa4 14. Nd6+
Kd7 15. Kd2 Qb3 16. Bc4 Qb6 17. Kxc2 Qxf2+ 18. Kb1 Nd5 19. Nxf7 Ke7 20. Bxd5
exd5 21. Nd6 Bg4 22. Bg5+ Ke6 23. Nd4+ Kxe5 24. Bf4+ Kf6 25. Qxg4 Bxd6 26. Qe6#
1-0

[Event "37th IND-ch (w)"]
[Site "Bhubaneswar IND"]
[Date "2010.12.30"]
[Round "6"]
[White "Akshaya, A."]
[Black "Minki, Sinha"]
[Result "1-0"]
[WhiteElo "2022"]
[BlackElo "1880"]
[PlyCount "81"]
[EventDate "2010.12.25"]

1. e4 c5 2. Nf3 e6 3. c4 d6 4. d4 cxd4 5. Nxd4 a6 6. Nc3 Nf6 7. Be2 Be7 8. O-O
O-O 9. Be3 Nbd7 10. Qd2 Re8 11. f3 b6 12. Nc6 Qc7 13. Nxe7+ Rxe7 14. Rfd1 Ne8
15. Bf4 Qc5+ 16. Kh1 e5 17. Be3 Qc6 18. Nd5 Re6 19. b4 Qb7 20. Rab1 Nc7 21. c5
dxc5 22. bxc5 b5 23. c6 Rxc6 24. Ne7+ Kh8 25. Nxc8 Qxc8 26. Qxd7 Qxd7 27. Rxd7
f6 28. Rc1 Rxc1+ 29. Bxc1 Ne6 30. Bb2 h6 31. Kg1 Nc5 32. Rd2 b4 33. Rc2 Na4 34.
Kf2 a5 35. Bb5 Nb6 36. a4 bxa3 37. Bxa3 Rd8 38. Ke2 Rd4 39. Bc5 a4 40. Bxd4
exd4 41. Rc6 1-0

[Event "37th IND-ch (w)"]
[Site "Bhubaneswar IND"]
[Date "2011.01.01"]
[Round "7"]
[White "Soumya, Swaminathan"]
[Black "Gomes, Mary Ann"]
[Result "1/2-1/2"]
[WhiteElo "2332"]
[BlackElo "2306"]
[PlyCount "85"]
[EventDate "2010.12.25"]

1. e4 c5 2. Nf3 d6 3. d4 cxd4 4. Nxd4 Nf6 5. Nc3 a6 6. Bg5 e6 7. f4 Be7 8. Qf3
Qc7 9. O-O-O h6 10. Bh4 Nbd7 11. g4 g5 12. e5 gxh4 13. exf6 Nxf6 14. g5 hxg5
15. fxg5 Nh7 16. g6 fxg6 17. Bd3 Nf8 18. Rhf1 Rh7 19. Qe3 Qc5 20. Ne4 Qh5 21.
Nf3 Qh6 22. Nfg5 Nd7 23. Rde1 Bxg5 24. Nxg5 Re7 25. Nxe6 Qxe3+ 26. Rxe3 Ne5 27.
Rf8+ Kd7 28. Nf4 Nxd3+ 29. Rxd3 Re8 30. Rf6 Kc7 31. Rc3+ Kb8 32. Nd5 Ra7 33.
Nb6 Bf5 34. Rxd6 a5 35. Nd7+ Bxd7 36. Rxd7 b5 37. Rd5 Rb7 38. Kd2 Rf8 39. Re3
a4 40. Rg5 Rf6 41. Rg4 Rd7+ 42. Ke2 Rc7 43. c3 1/2-1/2

[Event "37th IND-ch (w)"]
[Site "Bhubaneswar IND"]
[Date "2011.01.01"]
[Round "7"]
[White "Pratyusha, Bodda"]
[Black "Swathi, Ghate"]
[Result "0-1"]
[WhiteElo "2086"]
[BlackElo "2302"]
[PlyCount "77"]
[EventDate "2010.12.25"]

1. e4 c5 2. Nc3 e6 3. f4 Nc6 4. Nf3 d5 5. d3 Nge7 6. g3 g6 7. Bg2 Bg7 8. e5 Nf5
9. O-O h5 10. Ne2 Qb6 11. c3 Bd7 12. d4 cxd4 13. cxd4 O-O 14. Kh1 Rfc8 15. b3
Nb4 16. Bh3 Bb5 17. Bxf5 exf5 18. Rf2 Bf8 19. Rg2 Bd3 20. a3 Be4 21. Neg1 Nc2
22. Ra2 Qxb3 23. Rb2 Qc3 24. Rxb7 Ne3 25. Bxe3 Qxe3 26. Qa4 Bxa3 27. Rb3 Rc3
28. Rxc3 Qxc3 29. Rf2 Be7 30. Kg2 a5 31. Qd7 Kf8 32. Kh3 Qc8 33. Qa4 Qe8 34.
Qa2 Qb5 35. Ne2 Rc8 36. Qd2 Rc2 37. Qe3 Bd3 38. Nc1 Bf1+ 39. Rxf1 0-1

[Event "37th IND-ch (w)"]
[Site "Bhubaneswar IND"]
[Date "2011.01.01"]
[Round "7"]
[White "Swati, Mohota"]
[Black "Padmini, Rout"]
[Result "1/2-1/2"]
[WhiteElo "2090"]
[BlackElo "2352"]
[PlyCount "190"]
[EventDate "2010.12.25"]

1. d4 Nf6 2. c4 g6 3. f3 d5 4. cxd5 Nxd5 5. e4 Nb6 6. Nc3 Bg7 7. Be3 O-O 8. Qd2
Nc6 9. O-O-O f5 10. h4 fxe4 11. h5 gxh5 12. Rxh5 Bf5 13. Rg5 Bg6 14. Be2 e5 15.
d5 exf3 16. Nxf3 e4 17. dxc6 exf3 18. Bxf3 Qxd2+ 19. Rxd2 Rae8 20. Bxb6 cxb6
21. cxb7 Bh6 22. Rgd5 Rf7 23. Re5 Rd8 24. Red5 Rb8 25. Kd1 Bxd2 26. Rxd2 Kg7
27. Nb5 Rxf3 28. gxf3 Rxb7 29. Nd6 Rc7 30. Ke1 Kf6 31. Kf2 a6 32. Kg3 b5 33.
Kf4 Ke6 34. Ne4 Rf7+ 35. Ke3 Ke5 36. Nc5 a5 37. Nb3 a4 38. Nd4 Rb7 39. Nc6+ Kf6
40. Nb4 Kg5 41. Rd4 Bf5 42. Kf2 Rd7 43. Nd5 h5 44. Ke3 Rd6 45. Rd2 Re6+ 46. Kd4
Bh3 47. Rh2 Bf5 48. Rg2+ Kh6 49. Nf4 Re8 50. Rh2 h4 51. Rxh4+ Kg5 52. Ng2 Re2
53. Rh5+ Kf6 54. Ne3 Be6 55. Rxb5 Bxa2 56. Ng4+ Kg7 57. Rb7+ Kg6 58. Ne5+ Kf5
59. Nd3 Bb3 60. Rb5+ Kf6 61. Nc5 Rxb2 62. Nxa4 Ra2 63. Nc5 Bf7 64. Rb6+ Kf5 65.
Ne4 Be6 66. Rb8 Ra4+ 67. Ke3 Ra3+ 68. Kf2 Bd5 69. Rf8+ Ke6 70. Re8+ Kf7 71. Re5
Bxe4 72. Rxe4 Kf6 73. Kg3 Rb3 74. Kf4 Ra3 75. Rb4 Ra6 76. Kg4 Rc6 77. f4 Ra6
78. Rb5 Rc6 79. Rh5 Kg6 80. Rh2 Ra6 81. f5+ Kg7 82. Kg5 Rb6 83. Ra2 Rc6 84.
Ra7+ Kf8 85. Rh7 Ra6 86. Rb7 Rc6 87. Rb5 Ra6 88. Re5 Rb6 89. f6 Rb1 90. Kf5 Kf7
91. Re7+ Kf8 92. Re5 Kf7 93. Re7+ Kf8 94. Rh7 Rf1+ 95. Ke6 Re1+ 1/2-1/2

[Event "37th IND-ch (w)"]
[Site "Bhubaneswar IND"]
[Date "2011.01.01"]
[Round "7"]
[White "Kiran, Manisha Mohanty"]
[Black "Mohota, Nisha"]
[Result "0-1"]
[WhiteElo "2230"]
[BlackElo "2325"]
[PlyCount "98"]
[EventDate "2010.12.25"]

1. e4 c6 2. d4 d5 3. e5 Bf5 4. Nf3 e6 5. Be2 Nd7 6. O-O Bg6 7. Nbd2 Nh6 8. Nb3
Rc8 9. Bd2 Be7 10. Rc1 O-O 11. c4 dxc4 12. Bxc4 Nb6 13. Ba5 Qe8 14. Bd3 Nd5 15.
Bxg6 fxg6 16. Bd2 Rf5 17. Nc5 Bxc5 18. Rxc5 Qe7 19. h4 Rff8 20. Ng5 Nf5 21. Qg4
h6 22. Nf3 Qf7 23. Ra5 a6 24. Ra3 Rcd8 25. Qe4 Rd7 26. b4 Nfe7 27. Ne1 Nf4 28.
Bxf4 Qxf4 29. Qxf4 Rxf4 30. Nd3 Rfxd4 31. Nc5 R7d5 32. Nxe6 Rxb4 33. Re1 Nf5
34. g3 Rbb5 35. f4 Rb2 36. Rb3 Rxb3 37. axb3 Kf7 38. Nc7 Rd3 39. g4 Rg3+ 40.
Kh2 Rxg4 41. Rd1 Rxh4+ 42. Kg1 Rg4+ 43. Kh2 Rxf4 44. Rd7+ Ne7 45. e6+ Kf6 46.
Rd8 g5 47. Rf8+ Ke5 48. Rf7 Rxf7 49. exf7 Ng6 0-1

[Event "37th IND-ch (w)"]
[Site "Bhubaneswar IND"]
[Date "2011.01.01"]
[Round "7"]
[White "Saranya, J."]
[Black "Tania, Sachdev"]
[Result "0-1"]
[WhiteElo "2123"]
[BlackElo "2385"]
[PlyCount "88"]
[EventDate "2010.12.25"]

1. e4 c5 2. Nf3 e6 3. d4 cxd4 4. Nxd4 a6 5. c4 Nf6 6. Nc3 Bb4 7. Bd3 Nc6 8.
Nde2 Bc5 9. O-O Ng4 10. Bf4 g5 11. Bg3 h5 12. Nc1 Nge5 13. Nb3 Ba7 14. h3 g4
15. h4 Ng6 16. e5 Ncxe5 17. Bxg6 Nxg6 18. Ne4 f5 19. Nd6+ Kf8 20. Qd3 Kg7 21.
Qc3+ Qf6 22. Rad1 Qxc3 23. bxc3 f4 24. Nxc8 Rhxc8 25. Rxd7+ Kh6 26. Kh1 fxg3
27. fxg3 Rf8 28. Rfd1 Bb8 29. Nc5 Bxg3 30. Nxe6 Rf5 31. Rxb7 Nxh4 32. Nd4 Re5
33. Rb6+ Ng6 34. Rf1 Rf8 35. Rbb1 Rxf1+ 36. Rxf1 Kg5 37. c5 Re1 38. Rxe1 Bxe1
39. c6 Ne7 40. c7 Bxc3 41. Ne6+ Kf5 42. Nc5 a5 43. Nb7 Nc8 44. a4 Bb4 0-1

[Event "37th IND-ch (w)"]
[Site "Bhubaneswar IND"]
[Date "2011.01.01"]
[Round "7"]
[White "Karavade, Eesha"]
[Black "Sithalatchumi, A."]
[Result "1/2-1/2"]
[WhiteElo "2369"]
[BlackElo "1917"]
[PlyCount "71"]
[EventDate "2010.12.25"]

1. d4 d5 2. c4 e6 3. Nc3 Nf6 4. cxd5 exd5 5. Bg5 Be7 6. e3 c6 7. Bd3 O-O 8. Qc2
Nbd7 9. Nge2 Re8 10. O-O Ne4 11. Bf4 Ndf6 12. Nxe4 dxe4 13. Bxe4 Nxe4 14. Qxe4
Bf6 15. Qc2 g5 16. Bg3 h5 17. h3 Qe7 18. Rac1 Kh8 19. Qc5 Qe4 20. Qc2 Qe7 21.
Qd3 Bd7 22. Nc3 Rg8 23. e4 h4 24. Bh2 g4 25. hxg4 Rxg4 26. e5 Bg7 27. f3 Rg6
28. f4 f5 29. d5 cxd5 30. Nxd5 Qe6 31. Nc7 Qb6+ 32. Rf2 Rd8 33. Nd5 Bc6 34.
Nxb6 Rxd3 35. Nc4 Bf8 36. Nd6 1/2-1/2

[Event "37th IND-ch (w)"]
[Site "Bhubaneswar IND"]
[Date "2011.01.01"]
[Round "7"]
[White "Pujari, Rucha"]
[Black "Rathore, Sonakshi"]
[Result "1-0"]
[WhiteElo "2114"]
[BlackElo "1971"]
[PlyCount "69"]
[EventDate "2010.12.25"]

1. d4 Nf6 2. Nf3 e6 3. Bf4 b6 4. e3 Bb7 5. Bd3 c5 6. c3 Be7 7. h3 d6 8. Nbd2
Nbd7 9. Qe2 d5 10. Ne5 a6 11. Rd1 Qc8 12. O-O Ne4 13. Nxd7 Qxd7 14. Bxe4 dxe4
15. dxc5 e5 16. Bxe5 Qe6 17. Bg3 bxc5 18. Nc4 O-O 19. Rd2 a5 20. Na3 Qxa2 21.
c4 Bf6 22. Nb5 Qb3 23. Rfd1 Bc6 24. Nc7 Rac8 25. Bd6 Rfd8 26. Na6 Qb6 27. Nxc5
Ba8 28. Na4 Qc6 29. b3 Qb7 30. c5 Qxb3 31. Nb6 Rc6 32. Be5 Rf8 33. Bxf6 gxf6
34. Qg4+ Kh8 35. Rd8 1-0

[Event "37th IND-ch (w)"]
[Site "Bhubaneswar IND"]
[Date "2011.01.01"]
[Round "7"]
[White "Shweta, Gole"]
[Black "Aparajita, Gochhikar"]
[Result "0-1"]
[WhiteElo "1906"]
[BlackElo "1871"]
[PlyCount "80"]
[EventDate "2010.12.25"]

1. d4 Nf6 2. c4 c6 3. Nc3 d5 4. cxd5 cxd5 5. Nf3 e6 6. Bg5 Be7 7. e3 Nc6 8. Rc1
O-O 9. Bd3 b6 10. O-O Bb7 11. a3 Na5 12. Ne5 Rc8 13. f4 a6 14. Rf3 Ne4 15. Bxe7
Qxe7 16. Rh3 f6 17. Ng4 b5 18. Qe1 f5 19. Ne5 Nc4 20. Bxc4 dxc4 21. Qe2 Nf6 22.
Rg3 Rc7 23. a4 Ne4 24. Rh3 Qe8 25. axb5 axb5 26. Nb1 Bd5 27. Qe1 Qe7 28. Na3
Rb8 29. Qe2 Ra7 30. Qh5 Nf6 31. Qe2 c3 32. Nxb5 cxb2 33. Qxb2 Ra2 34. Qb1 Rxg2+
35. Kf1 Qb7 36. e4 Bxe4 37. Nd3 Rd2 38. Qb3 Bxd3+ 39. Rxd3 Qg2+ 40. Ke1 Qf2#
0-1

[Event "37th IND-ch (w)"]
[Site "Bhubaneswar IND"]
[Date "2011.01.01"]
[Round "7"]
[White "Arunima, Kalra"]
[Black "Akshaya, A."]
[Result "1/2-1/2"]
[WhiteElo "1866"]
[BlackElo "2022"]
[PlyCount "65"]
[EventDate "2010.12.25"]

1. e4 e5 2. Nf3 Nc6 3. Bb5 Bc5 4. O-O Nf6 5. d3 Qe7 6. Nc3 h6 7. Nd5 Nxd5 8.
exd5 Nd4 9. Nxd4 Bxd4 10. c3 Bb6 11. d4 O-O 12. Qe2 d6 13. Re1 Bd7 14. dxe5
dxe5 15. Bxd7 Qxd7 16. c4 Rae8 17. b4 Bd4 18. Bb2 Bxb2 19. Qxb2 Qd6 20. Rad1 b6
21. Qc3 c5 22. dxc6 Qxc6 23. b5 Qc7 24. Rd5 Rc8 25. c5 bxc5 26. Rdxe5 Qb6 27.
Qc4 Rc7 28. h3 Qd6 29. Rd5 Qb6 30. a4 Rfc8 31. Ree5 Qa5 32. Rd6 Qb4 33. Re4
1/2-1/2

[Event "37th IND-ch (w)"]
[Site "Bhubaneswar IND"]
[Date "2011.01.01"]
[Round "7"]
[White "Preethi, Rajkumar"]
[Black "Amrutha, Mokal"]
[Result "0-1"]
[WhiteElo "2073"]
[BlackElo "2089"]
[PlyCount "114"]
[EventDate "2010.12.25"]

1. e4 c5 2. Nf3 e6 3. d4 cxd4 4. Nxd4 a6 5. Nc3 Qc7 6. Bd3 Nf6 7. O-O Bc5 8.
Nb3 Ba7 9. Qe2 d6 10. Be3 Bxe3 11. Qxe3 Nbd7 12. f4 O-O 13. Rae1 g6 14. Kh1 b5
15. a3 Bb7 16. f5 Ne5 17. Qh3 Rae8 18. Qh4 Kg7 19. Re3 Qe7 20. Rh3 h5 21. Qf4
exf5 22. exf5 Neg4 23. Rg3 Qe5 24. Qxe5 Nxe5 25. Nd4 h4 26. Rh3 g5 27. Kg1 Rh8
28. g3 Nxd3 29. cxd3 Re3 30. Rd1 hxg3 31. Rxg3 Rxg3+ 32. hxg3 Rh1+ 33. Kf2 Rh2+
34. Ke1 Rxb2 35. Rd2 Rxd2 36. Kxd2 Nh5 37. Nce2 g4 38. Nc2 Kf6 39. Ne3 Kg5 40.
Ke1 Bf3 41. Nd4 Nxg3 42. Nxf3+ gxf3 43. Kf2 Nxf5 44. Nc2 Kf4 45. Nb4 Ne3 46. d4
Ng4+ 47. Kf1 Kg3 48. Nd3 a5 49. d5 f5 50. Nc1 Nh2+ 51. Ke1 f2+ 52. Kd2 f1=Q 53.
Ne2+ Kf2 54. Nd4 Nf3+ 55. Kc3 Qc4+ 56. Kb2 Nxd4 57. Ka1 Qb3 0-1

[Event "37th IND-ch (w)"]
[Site "Bhubaneswar IND"]
[Date "2011.01.01"]
[Round "7"]
[White "Minki, Sinha"]
[Black "Nivedhitha, J. G."]
[Result "1/2-1/2"]
[WhiteElo "1880"]
[BlackElo "1819"]
[PlyCount "103"]
[EventDate "2010.12.25"]

1. e4 c5 2. Nf3 d6 3. d4 cxd4 4. Nxd4 Nf6 5. Nc3 g6 6. Be2 Bg7 7. Be3 O-O 8.
O-O Nc6 9. Qd2 Re8 10. f3 Bd7 11. Rad1 Ne5 12. Bf2 Rc8 13. Kh1 Nc4 14. Qc1 a6
15. b3 Nb6 16. Nd5 Nbxd5 17. exd5 Nxd5 18. c4 Nf6 19. Qd2 Qc7 20. Nc2 Bc6 21.
Bg3 Nh5 22. Bf2 Nf6 23. Bg3 Rcd8 24. Nb4 Nh5 25. Bf2 e6 26. Bh4 Rd7 27. g4 Nf6
28. Rg1 Rc8 29. Rg2 Ne8 30. Bg3 Qd8 31. Qe1 Qf6 32. Qf2 d5 33. Nxc6 Rxc6 34. f4
Qd8 35. Bf3 Nc7 36. Qd2 b5 37. cxd5 Nxd5 38. f5 Bc3 39. Qe2 Bg7 40. fxe6 Rxe6
41. Qf2 Ne3 42. Rxd7 Qxd7 43. Rg1 Bd4 44. Qd2 Rc6 45. Be5 Nc2 46. Bxd4 Nxd4 47.
Bxc6 Qxc6+ 48. Qg2 Qe6 49. Rd1 Nc6 50. Qd5 Qxg4 51. Rc1 Nd4 52. Rf1 1/2-1/2